书目信息 |
| 题名: |
区域特色作物高效安全生产技术
|
|
| 作者: | 丁新天 , 王来亮 , 李仲惺 主编 | |
| 分册: | ||
| 出版信息: | 北京 科学技术文献出版社 2017重印 |
|
| 页数: | 387页 | |
| 开本: | 24cm | |
| 丛书名: | ||
| 单 册: | ||
| 中图分类: | S31 | |
| 科图分类: | ||
| 主题词: | 特色农业--栽培技术--浙江省 | |
| 电子资源: | ||
| ISBN: | 978-7-5189-0004-6 | |
| 000 | 01055nam0 2200277 45 | |
| 001 | 012001002590 | |
| 005 | 20140101165520.0 | |
| 010 | @a978-7-5189-0004-6@dCNY68.00 | |
| 099 | @aCAL 012015169415 | |
| 100 | @a20151230d2015 em y0chiy50 ea | |
| 101 | 0 | @achi |
| 102 | @aCN@b110000 | |
| 105 | @aak a 000yy | |
| 106 | @ar | |
| 200 | 1 | @a区域特色作物高效安全生产技术@f丁新天, 王来亮, 李仲惺主编 |
| 210 | @a北京@c科学技术文献出版社@d2017重印 | |
| 215 | @a387页@c图@d24cm | |
| 320 | @a有书目 (第380-384页) | |
| 330 | @a全书介绍了特色农作物高效安全生产基本概念,安全生产环节条件,无公害农药安全使用常识。浙南区域内的主要中药材包括延胡索、浙贝母、白术、石斛、白芍等,蔬菜主要包括茭白,芋艿、黄秋葵、芦笋等,大田特产水果包括草莓、果桑、覆盆子、蓝莓、红提葡萄等的栽培季节与种植茬次安排、高效安全的种植技术、主要病虫害识别与防治技术。 | |
| 606 | 0 | @a特色农业@x栽培技术@y浙江省 |
| 690 | @aS31@v5 | |
| 701 | 0 | @a丁新天@4主编 |
| 701 | 0 | @a王来亮@4主编 |
| 701 | 0 | @a李仲惺@4主编 |
| 801 | 0 | @aCN@b北京卓展@c20191020 |
| 905 | @b1203983-6@dS31@e63@f4 | |
| 区域特色作物高效安全生产技术/丁新天, 王来亮, 李仲惺主编.-北京:科学技术文献出版社,2017重印 |
| 387页:图;24cm |
| ISBN 978-7-5189-0004-6:CNY68.00 |
| 全书介绍了特色农作物高效安全生产基本概念,安全生产环节条件,无公害农药安全使用常识。浙南区域内的主要中药材包括延胡索、浙贝母、白术、石斛、白芍等,蔬菜主要包括茭白,芋艿、黄秋葵、芦笋等,大田特产水果包括草莓、果桑、覆盆子、蓝莓、红提葡萄等的栽培季节与种植茬次安排、高效安全的种植技术、主要病虫害识别与防治技术。 |
| ● |
| 相关链接 |
|
|
|
|
正题名:区域特色作物高效安全生产技术
索取号:S31/63
 
预约/预借
| 序号 | 登录号 | 条形码 | 馆藏地/架位号 | 状态 | 备注 |
| 1 | 1203983 | 212039836 | 第二样本阅览室/ [索取号:S31/63] | 在馆 | |
| 2 | 1203984 | 212039845 | 第三借阅区/ [索取号:S31/63] | 在馆 | |
| 3 | 1203985 | 212039854 | 第三借阅区/ [索取号:S31/63] | 在馆 | |
| 4 | 1203986 | 212039863 | 第三借阅区/ [索取号:S31/63] | 在馆 |